| 000 | 00567pam a2200193 a 4500 | ||
|---|---|---|---|
| 001 | 2332121 | ||
| 005 | 20241130122354.0 | ||
| 008 | 820419s1982 caua 001 0 eng | ||
| 020 | _a0716713470 | ||
| 050 | 0 | 0 |
_aQD101.2 _b.H37 1982 |
| 082 | 0 | 0 |
_a545 _219 |
| 100 | 1 |
_aHarris, Daniel C., _d1948- |
|
| 245 | 1 | 0 |
_aQuantitative chemical analysis / _cDaniel C. Harris. |
| 260 |
_aNew York _bW.H. Freeman and Company _cc1982. |
||
| 300 |
_axvi, 748 p. : _bill. ; _c25 cm. |
||
| 500 | _aIncludes index. | ||
| 650 | 0 |
_aAnalytical chemistry _xQuantitative. |
|
| 942 |
_2lcc _cBK _n0 |
||
| 999 |
_c1839 _d1839 |
||